LEADER 00537nab a2200133 i 4500 001 000000329682 003 CaOOAMICUS 005 20180831173624.0 008 180831n it uu u0 0ita r 013 $a41360 040 $aSeMil$bita 245 10$aVocazione e cambiamento d'epoca. - In [rubrica] :$bSeminaristi e vita religiosa. 773 0 $tVocazione e cambiamento d'epoca. - 32 p. - Titolo dalla copertina.$gp.4-u$w()291856 996 $6245$aVocazione e cambiamento d'epoca. - In [rubrica] :$bSeminaristi e vita religiosa.$9(OLS)http://semarc/title/418159 LEADER 01775nam a2200313 i 4500 001 000000213345 003 CaOOAMICUS 005 20210811145304.0 008 120521s1765 it u000 u mul u 013 $a192200 026 $ae-is e.o- i.*. **** (3) 1765 (R) - [*= carattere greco] 040 $aSeMil$bita 100 1 $aColluthus,$d.$0(OLS)http://semarc/name/75995 240 10$aRaptus Helenae.$0(OLS)http://semarc/title/307622 245 10$aKolouthou Arpage Elenes Coluthi Raptus Helenae graece et latine accedit metrica interpretatio italica Ant. Mar. Salvini ... Recensuit, variantes codicum mss. lectiones, & selectas adnotationes adiecit Ang. Mar. Bandinius .. 250 $aNunc primum edita 264 1$aFlorentiae :$bTypis Caesareis,$c1765$f(Impressum Florentiae quam diligentissime, die XXV. mensis MaI 1765 in peruigilio Pentecostes,$g1765) 300 $a108 p. ;$c8°. 500 $aCors. ; gr. ; rom. 500 $aFront. stampato in rosso e nero 500 $aSegn.: A-F8 G6 700 1 $aBandini, Angelo Maria,$d<1726-1803>.$0(OLS)http://semarc/name/75994 700 1 $aSalvini, Antonio Maria,$d<1653-1729>.$0(OLS)http://semarc/name/2855 710 2 $aStamperia Imperiale$b.$0(OLS)http://semarc/name/75996 850 $aSeMil 852 $aSeMil$W1$xVenegono$y1$m1Z III 52 FA$j163775$B163775$CSeMilBibl$Z2$F174835 $8I 996 $6245$aKolouthou Arpage Elenes Coluthi Raptus Helenae graece et latine accedit metrica interpretatio italica Ant. Mar. Salvini ... Recensuit, variantes codicum mss. lectiones, & selectas adnotationes adiecit Ang. Mar. Bandinius ..$9(OLS)http://semarc/title/307621 996 $6264$aFlorentiae :$bTypis Caesareis$9(OLS)http://semarc/publisher/52762 LEADER 01211nam a2200229 i 4500 001 000000009927 003 CaOOAMICUS 005 20180830125440.0 008 180830s1982 fr u000 u und u 040 $aSeMil$bita 245 14$aLes règles des Saints Pères /$cintroduction, texte, traduction et notes par Adalbert de Vogüé. 260 $aParis :$bLes Éditions du Cerf,$c1982. 300 $a683 p. ;$c20 cm. 500 $aTesto latino a fronte. - Dalla biblioteca del card. Giovanni Colombo. 650 4$aMonachesimo e ordini religiosi - Regole e costituzioni.$0(OLS)http://semarc/subject/1552 700 1 $aVogüé, Adalbert : de .$0(OLS)http://semarc/name/4819 773 0 $tSources chrétiennes.$dParis : Les Éditions du Cerf, 1941-$kSources chrétiennes$x0750-1978$w()41 774 0 $tTrois règles de Lérins au 5. siècle.$kSources chrétiennes$z2-204-01957-7$gTome1$w()78737 774 0 $tTrois règles du 6. siècle incorporant des textes lériniens.$kSources chrétiennes$z2-204-01990-9$gTome2$w()100192 941 1 $a3 996 $6245$aLes règles des Saints Pères$9(OLS)http://semarc/title/13126 996 $6260$aParis :$bLes Éditions du Cerf$9(OLS)http://semarc/publisher/29611